[Event "GER-ch 85th"]
[Site "Verden an der Aller"]
[Date "2014.11.23"]
[Round "3"]
[White "Reimche, Vadim"]
[Black "Steffens, Olaf"]
[Result "0-1"]
[WhiteElo "2084"]
[BlackElo "2279"]
[PlyCount "114"]
[EventDate "2014.11.21"]
[EventType "swiss"]
[EventRounds "9"]
[EventCountry "GER"]
[SourceTitle "CBM 163 Extra"]
[Source "ChessBase"]
[SourceDate "2014.12.23"]
[SourceVersion "1"]
[SourceVersionDate "2014.12.23"]
[SourceQuality "1"]

1. d4 Na6 2. e4 c6 3. c4 g6 4. Nf3 Bg7 5. Be2 d6 6. 0-0 Nh6 7. Bf4 f5 8. e5 Nf7 9. Nc3 Nc7 10. h3 Ne6 11. Bh2 dxe5 12. dxe5 0-0 13. Qxd8 Rxd8 14. Rad1 Bd7 15. Bd3 Nc5 16. Bc2 a5 17. Rfe1 Be6 18. b3 Kf8 19. Nd4 Ke8 20. Na4 Rxd4 21. Rxd4 Nxa4 22. bxa4 c5 23. Rd3 Nd8 24. Rb3 Kd7 25. Rb5 Kc6 26. Bd3 Bc8 27. Be2 Ne6 28. Bf3+ Kc7 29. Reb1 Ra6 30. Bxb7 Ra7 31. Bd5 Bh6 32. Bxe6 Bxe6 33. f4 Bd7 34. Rxc5+ Bc6 35. Bg3 e6 36. Be1 Bxf4 37. Bxa5+ Kd7 38. Rd1+ Ke8 39. Rxc6 Rxa5 40. Rxe6+ Kf7 41. Rc6 Kg7 42. Rd7+ Kh6 43. e6 Re5 44. Kf2 Bg5 45. g3 f4 46. g4 Bh4+ 47. Kf3 Re3+ 48. Kg2 f3+ 49. Kg1 f2+ 50. Kg2 Re1 51. Rf7 Rg1+ 52. Kf3 f1Q+ 53. Ke3 Qxh3+ 54. Kd4 Rd1+ 55. Kc5 Qa3+ 56. Kb6 Qb4+ 57. Kc7 Bg5 0-1

[Event "GER-ch 85th"]
[Site "Verden an der Aller"]
[Date "2014.11.22"]
[Round "2"]
[White "Reimche, Vadim"]
[Black "Krause, Ullrich"]
[Result "0-1"]
[WhiteElo "2084"]
[BlackElo "2276"]
[PlyCount "74"]
[EventDate "2014.11.21"]
[EventType "swiss"]
[EventRounds "9"]
[EventCountry "GER"]
[SourceTitle "CBM 163 Extra"]
[Source "ChessBase"]
[SourceDate "2014.12.23"]
[SourceVersion "1"]
[SourceVersionDate "2014.12.23"]
[SourceQuality "1"]

1. d4 e6 2. Nf3 Nf6 3. b3 d5 4. e3 c5 5. Bb2 Be7 6. Nbd2 0-0 7. Bd3 Nbd7 8. 0-0 b6 9. Qe2 Bb7 10. Ne5 Nxe5 11. dxe5 Nd7 12. f4 f5 13. c4 d4 14. e4 g6 15. g4 Kh8 16. h3 Qc7 17. exf5 gxf5 18. Kh2 Rg8 19. Rg1 Raf8 20. gxf5 exf5 21. Raf1 Qc6 22. b4 Qh6 23. Rxg8+ Rxg8 24. Bxf5 Rg2+ 25. Qxg2 Bxg2 26. Kxg2 Nxe5 27. bxc5 bxc5 28. Bc1 Ng6 29. Kh2 Bd6 30. Ne4 Bxf4+ 31. Bxf4 Nxf4 32. Nxc5 Qg5 33. Be4 Qe5 34. Kh1 Qxc5 35. Rxf4 Qe5 36. Rh4 h5 37. Kg2 Qg5+ 0-1

[Event "Wuerttemberg-ch MT"]
[Site "Gruenbach"]
[Date "2014.09.07"]
[Round "9"]
[White "Gustain, Marc"]
[Black "Reimche, Vadim"]
[Result "1/2-1/2"]
[WhiteElo "2128"]
[BlackElo "2098"]
[PlyCount "99"]
[EventDate "2014.08.30"]
[EventType "swiss"]
[EventRounds "9"]
[EventCountry "GER"]
[SourceTitle "EXT 2017"]
[Source "ChessBase"]
[SourceDate "2016.10.25"]
[SourceVersion "1"]
[SourceVersionDate "2016.10.25"]
[SourceQuality "1"]

1. e4 c5 2. Nf3 Nf6 3. Nc3 d5 4. exd5 Nxd5 5. Bb5+ Bd7 6. Qe2 Nb4 7. Bxd7+ Qxd7 8. d3 N8c6 9. a3 Nd5 10. Nxd5 Qxd5 11. 0-0 g6 12. Rb1 a5 13. Bd2 Bg7 14. b4 cxb4 15. axb4 a4 16. c4 Nd4 17. Nxd4 Qxd4 18. Be3 Qd7 19. b5 0-0 20. Rfd1 Bc3 21. Qc2 Bd4 22. Bxd4 Qxd4 23. Ra1 a3 24. Qb3 e5 25. Rxa3 Rxa3 26. Qxa3 e4 27. Qa1 Qxa1 28. Rxa1 exd3 29. c5 Rc8 30. c6 bxc6 31. bxc6 Rxc6 32. Rd1 Kg7 33. f3 Rc3 34. Kf2 Kf6 35. Ke3 Rc2 36. Rd2 Ke5 37. Kxd3 Rxd2+ 38. Kxd2 Kd4 39. h4 h6 40. Ke2 f5 41. g3 g5 42. hxg5 hxg5 43. g4 fxg4 44. fxg4 Ke4 45. Kf2 Kf4 46. Kf1 Kxg4 47. Kg2 Kf4 48. Kf2 g4 49. Kg2 g3 50. Kg1 1/2-1/2

[Event "Wuerttemberg-ch MT"]
[Site "Bisingen"]
[Date "2013.09.08"]
[Round "9"]
[White "Reimche, Vadim"]
[Black "Engelhart, Achim"]
[Result "1/2-1/2"]
[WhiteElo "2072"]
[BlackElo "2103"]
[PlyCount "120"]
[EventDate "2013.08.31"]
[EventType "swiss"]
[EventRounds "9"]
[EventCountry "GER"]
[SourceTitle "EXT 2017"]
[Source "ChessBase"]
[SourceDate "2016.10.25"]
[SourceVersion "1"]
[SourceVersionDate "2016.10.25"]
[SourceQuality "1"]

1. d4 d5 2. c4 dxc4 3. Nf3 e6 4. e3 c5 5. Bxc4 a6 6. 0-0 Nf6 7. a4 Nc6 8. Nc3 Be7 9. dxc5 Qxd1 10. Rxd1 Bxc5 11. Nd4 Bd7 12. Nb3 Bb4 13. Bd2 0-0 14. Be2 Rfd8 15. a5 Na7 16. Bf3 Bc6 17. Na4 Bxf3 18. gxf3 Bd6 19. Nb6 Rab8 20. e4 Nc6 21. Bc3 Kf8 22. Kf1 Be5 23. Ke2 Ke8 24. h3 Ke7 25. Nc5 Nd4+ 26. Kf1 Nxf3 27. Rxd8 Kxd8 28. Rd1+ Ke8 29. Ke2 Bxc3 30. bxc3 Ne5 31. f4 Nc6 32. Nc4 Ke7 33. Ke3 g6 34. Rb1 Nd8 35. Nb6 Nc6 36. e5 Nd5+ 37. Nxd5+ exd5 38. Rxb7+ Rxb7 39. Nxb7 Ke6 40. Nc5+ Kf5 41. Nxa6 g5 42. fxg5 Kxe5 43. Kf3 Nxa5 44. Kg4 Nb3 45. Nb4 Nc5 46. Nc6+ Ke4 47. Nd8 Na4 48. Nxf7 Nxc3 49. Nd6+ Ke3 50. h4 d4 51. h5 d3 52. Nc4+ Kd4 53. Nb2 d2 54. g6 hxg6 55. h6 Na4 56. Nd1 Nc3 57. h7 Nxd1 58. h8Q+ Kd3 59. Qd8+ Kc2 60. Kg5 Nc3 1/2-1/2

[Event "Wuerttemberg-ch MT"]
[Site "Bisingen"]
[Date "2013.09.02"]
[Round "3"]
[White "Reimche, Vadim"]
[Black "Hofer, Emilian"]
[Result "1/2-1/2"]
[WhiteElo "2072"]
[BlackElo "2009"]
[PlyCount "113"]
[EventDate "2013.08.31"]
[EventType "swiss"]
[EventRounds "9"]
[EventCountry "GER"]
[SourceTitle "EXT 2017"]
[Source "ChessBase"]
[SourceDate "2016.10.25"]
[SourceVersion "1"]
[SourceVersionDate "2016.10.25"]
[SourceQuality "1"]

1. d4 d5 2. c4 c6 3. Nf3 Nf6 4. Qb3 dxc4 5. Qxc4 Bf5 6. Nc3 e6 7. g3 Nbd7 8. Bg2 Bg6 9. 0-0 Be7 10. Re1 0-0 11. e4 Re8 12. Bf4 Qb6 13. a3 a6 14. b4 Rac8 15. h3 a5 16. Rab1 axb4 17. axb4 Bf8 18. g4 h6 19. Bg3 Bh7 20. Kh1 Ra8 21. Ne5 Nxe5 22. dxe5 Nd7 23. f4 Be7 24. f5 Nf8 25. b5 Ra3 26. Kh2 Qa5 27. Rec1 Rc8 28. Rb3 Rxb3 29. Qxb3 cxb5 30. Bf4 Ba3 31. Rc2 Rc6 32. Ne2 Rxc2 33. Qxc2 Be7 34. Nd4 Qa4 35. Qd3 Bc5 36. Nxb5 Qa1 37. Qf1 Qb2 38. Nd6 Bd4 39. Kh1 Nd7 40. fxe6 fxe6 41. Bc1 Qb1 42. Qc4 Nf8 43. Qxd4 Qxc1+ 44. Kh2 b6 45. Qf2 Bg6 46. h4 h5 47. Qf3 Qc5 48. Qf4 hxg4 49. Qg5 g3+ 50. Kxg3 Nh7 51. Qf4 Nf8 52. Bf3 Qg1+ 53. Bg2 Qc5 54. Qg5 Nd7 55. Qd8+ Nf8 56. Qg5 Nd7 57. Qd8+ 1/2-1/2

[Event "Wuerttemberg-ch MT"]
[Site "Illertissen"]
[Date "2012.09.01"]
[Round "8"]
[White "Imhof, Thomas"]
[Black "Reimche, Vadim"]
[Result "1-0"]
[WhiteElo "2081"]
[BlackElo "2103"]
[PlyCount "75"]
[EventDate "2012.08.25"]
[EventType "swiss"]
[EventRounds "9"]
[EventCountry "GER"]
[SourceTitle "EXT 2017"]
[Source "ChessBase"]
[SourceDate "2016.10.25"]
[SourceVersion "1"]
[SourceVersionDate "2016.10.25"]
[SourceQuality "1"]

1. e4 c5 2. Nf3 Nc6 3. d4 cxd4 4. Nxd4 Nf6 5. Nc3 e5 6. Ndb5 d6 7. Nd5 Nxd5 8. exd5 Ne7 9. c4 Ng6 10. Be2 Be7 11. 0-0 0-0 12. Be3 b6 13. b4 Bd7 14. Nc3 f5 15. f3 Rc8 16. Qd2 Nh8 17. c5 Nf7 18. c6 Be8 19. Ba6 Rc7 20. Nb5 Bf6 21. Nxc7 Qxc7 22. Bf2 e4 23. Bd4 Bxd4+ 24. Qxd4 exf3 25. Rxf3 Ne5 26. Rff1 g5 27. a4 Qg7 28. Kh1 f4 29. Rac1 Rf7 30. Bc8 Rc7 31. Be6+ Kh8 32. a5 bxa5 33. bxa5 Qf6 34. Qb4 Qe7 35. Qb8 f3 36. gxf3 Kg7 37. Rb1 Bh5 38. Rb7 1-0

[Event "Wuerttemberg-ch MT"]
[Site "Illertissen"]
[Date "2012.08.31"]
[Round "7"]
[White "Roemer, Ulrich"]
[Black "Reimche, Vadim"]
[Result "1-0"]
[WhiteElo "2294"]
[BlackElo "2103"]
[PlyCount "63"]
[EventDate "2012.08.25"]
[EventType "swiss"]
[EventRounds "9"]
[EventCountry "GER"]
[SourceTitle "EXT 2017"]
[Source "ChessBase"]
[SourceDate "2016.10.25"]
[SourceVersion "1"]
[SourceVersionDate "2016.10.25"]
[SourceQuality "1"]

1. d4 Nf6 2. Nf3 g6 3. c4 c5 4. e3 Bg7 5. Nc3 0-0 6. Be2 d5 7. 0-0 dxc4 8. Bxc4 a6 9. a4 Nc6 10. d5 Na5 11. Nd2 Rb8 12. e4 Ng4 13. Be2 f5 14. exf5 gxf5 15. Bxg4 fxg4 16. Nde4 b6 17. Bg5 Nc4 18. Qe2 Ne5 19. d6 Bf6 20. dxe7 Bxe7 21. Rad1 Qe8 22. Rfe1 Rb7 23. Nd6 Qg6 24. Qxe5 Bxg5 25. Nxb7 Bxb7 26. Rd6 Bf6 27. Qe6+ Rf7 28. Rd7 Kg7 29. Rxf7+ Qxf7 30. Qxg4+ Kf8 31. Qf4 Bc6 32. Qd6+ 1-0

[Event "Wuerttemberg-ch MT"]
[Site "Illertissen"]
[Date "2012.08.29"]
[Round "5"]
[White "Meschke, Andreas"]
[Black "Reimche, Vadim"]
[Result "0-1"]
[WhiteElo "2135"]
[BlackElo "2103"]
[PlyCount "160"]
[EventDate "2012.08.25"]
[EventType "swiss"]
[EventRounds "9"]
[EventCountry "GER"]
[SourceTitle "EXT 2017"]
[Source "ChessBase"]
[SourceDate "2016.10.25"]
[SourceVersion "1"]
[SourceVersionDate "2016.10.25"]
[SourceQuality "1"]

1. e4 c5 2. Nf3 Nc6 3. Bb5 g6 4. 0-0 Bg7 5. Re1 e5 6. Bxc6 bxc6 7. d3 Ne7 8. Na3 d6 9. Bd2 0-0 10. Nc4 h6 11. Ba5 Qd7 12. Nfd2 Ba6 13. f3 d5 14. exd5 cxd5 15. Ne3 Qb5 16. Bc7 Qc6 17. Ba5 f5 18. Ndf1 Qb5 19. Bc7 Qd7 20. Ba5 Rab8 21. Rb1 h5 22. Qc1 Rfc8 23. b3 f4 24. Nd1 g5 25. Qa3 Rc6 26. h3 g4 27. fxg4 hxg4 28. hxg4 Qxg4 29. Nf2 Qh5 30. Nh2 Bc8 31. Bd2 Bf8 32. Nf3 Ng6 33. Qxa7 Bd6 34. Qa4 Bd7 35. c4 d4 36. Ne4 Be7 37. Qa7 Rd8 38. Ba5 Bg4 39. Ned2 Re8 40. Qb7 Rec8 41. b4 Bh4 42. b5 Rf6 43. Ne4 Rf7 44. Qd5 Bxf3 45. gxf3 Ne7 46. Qe6 Kh8 47. Qh3 Rh7 48. Re2 Rg8+ 49. Rg2 Rxg2+ 50. Kxg2 Nf5 51. b6 Qg6+ 52. Kf1 Bd8 53. Qxh7+ Qxh7 54. Nf2 Qb7 55. Ke2 Nh4 56. Ne4 Be7 57. Be1 Nf5 58. a4 Kg7 59. a5 Kf7 60. Rb5 Bd6 61. Bd2 Ng3+ 62. Kf2 Nxe4+ 63. fxe4 Ke8 64. Rb1 Be7 65. Rh1 Qc6 66. Rh5 Qg6 67. Rh3 Bh4+ 68. Kf1 Qg4 69. Rxh4 Qxh4 70. b7 Qh1+ 71. Kf2 Qb1 72. a6 Kd7 73. Ba5 Kc6 74. Bd8 f3 75. Ba5 Qc2+ 76. Kxf3 Qxd3+ 77. Kf2 Qb3 78. Bd8 d3 79. Bf6 Qb2+ 80. Kg3 d2 0-1